| 000 | 00361nam a22001337a 4500 | ||
|---|---|---|---|
| 008 | 250404b |||||||| |||| 00| 0 eng d | ||
| 020 | _a978377168X | ||
| 050 |
_aJF 52 _b.U36 |
||
| 100 | _aUjo A Abdulhameed | ||
| 245 | _aUnderstanding Comparative Public Administration | ||
| 260 |
_aNigeria _bMarvelous Mike Press Limited _c2008 |
||
| 300 | _a261p. | ||
| 942 | _cBK | ||
| 999 |
_c2855 _d2855 |
||